[Event "CZE-chT2B 2223"]
[Site "Czech Republic"]
[Date "2023.03.26"]
[Round "11.7"]
[White "Vales, Vaclav"]
[Black "Chaloupka, Frantisek"]
[Result "1-0"]
[WhiteElo "2050"]
[BlackElo "1991"]
[PlyCount "71"]
[EventDate "2022.10.16"]
[EventType "team-tourn"]
[EventRounds "11"]
[EventCountry "CZE"]
[SourceTitle "EXT 2024"]
[Source "ChessBase"]
[SourceDate "2023.10.10"]
[SourceVersion "1"]
[SourceVersionDate "2023.10.10"]
[SourceQuality "1"]
[WhiteTeam "Decin"]
[BlackTeam "Litomerice III"]
[WhiteTeamCountry "CZE"]
[BlackTeamCountry "CZE"]

1. d4 d5 2. c4 e6 3. Nc3 Nf6 4. cxd5 exd5 5. Bg5 c6 6. Qc2 Be7 7. e3 0-0 8. Bd3 h6 9. Bh4 Re8 10. Nf3 Nbd7 11. 0-0 Nh5 12. Bxe7 Qxe7 13. Rab1 Nhf6 14. b4 a6 15. a4 Ne4 16. b5 axb5 17. axb5 Nxc3 18. Qxc3 c5 19. dxc5 Nxc5 20. Rfc1 b6 21. Nd4 Qg5 22. Be2 Bg4 23. Bf3 Bxf3 24. Nxf3 Qe7 25. Nd4 Ra4 26. Ra1 Rea8 27. Rxa4 Rxa4 28. Nf5 Qf8 29. Ra1 Ne4 30. Qe5 Rxa1+ 31. Qxa1 g6 32. Nd4 Qb4 33. g3 Nc3 34. Qf1 Kf8 35. h4 Ke7 36. Nc6+ 1-0

[Event "CZE-chT2B 2223"]
[Site "Czech Republic"]
[Date "2023.01.08"]
[Round "6.6"]
[White "Lusk, Jiri"]
[Black "Chaloupka, Frantisek"]
[Result "0-1"]
[WhiteElo "1776"]
[BlackElo "1991"]
[PlyCount "82"]
[EventDate "2022.10.16"]
[EventType "team-tourn"]
[EventRounds "11"]
[EventCountry "CZE"]
[SourceTitle "EXT 2024"]
[Source "ChessBase"]
[SourceDate "2023.10.10"]
[SourceVersion "1"]
[SourceVersionDate "2023.10.10"]
[SourceQuality "1"]
[WhiteTeam "Karlovy Vary"]
[BlackTeam "Litomerice III"]
[WhiteTeamCountry "CZE"]
[BlackTeamCountry "CZE"]

1. e4 c5 2. Nf3 d6 3. d4 cxd4 4. Nxd4 Nf6 5. Nc3 a6 6. a4 e6 7. Be2 Be7 8. Be3 Nc6 9. 0-0 Qc7 10. Nb3 b6 11. f4 Bb7 12. f5 Nb4 13. fxe6 fxe6 14. Nd4 Bc8 15. Bf3 e5 16. Nf5 0-0 17. Nxe7+ Qxe7 18. Bxb6 Bb7 19. a5 Rac8 20. Rc1 Rc4 21. Qe2 Rfc8 22. Rfd1 Rxc3 23. bxc3 Na2 24. c4 Nxc1 25. Rxc1 Qe6 26. c5 dxc5 27. Rd1 c4 28. h3 h6 29. Rd8+ Rxd8 30. Bxd8 Qc6 31. Bxf6 gxf6 32. Qd2 Qc5+ 33. Kh2 Qd4 34. Qxh6 Bxe4 35. Qxf6 Bxc2 36. Qg5+ Kh7 37. Qe7+ Kh6 38. Qf6+ Bg6 39. Qxa6 c3 40. Qc8 Qf4+ 41. Kh1 c2 0-1

[Event "WchT Seniors 50"]
[Site "Prague"]
[Date "2020.03.12"]
[Round "7.4"]
[White "Chudinovskikh, Alexander M"]
[Black "Chaloupka, Frantisek"]
[Result "1-0"]
[WhiteElo "2139"]
[BlackElo "1990"]
[PlyCount "63"]
[EventDate "2020.03.06"]
[EventType "team-swiss"]
[EventRounds "7"]
[EventCountry "CZE"]
[SourceTitle "CBM 195 Extra"]
[Source "ChessBase"]
[SourceDate "2020.05.31"]
[SourceVersion "1"]
[SourceVersionDate "2020.05.31"]
[SourceQuality "1"]
[WhiteTeam "Russia 50 II"]
[BlackTeam "Czech Republic 50 V"]
[WhiteTeamCountry "RUS"]
[BlackTeamCountry "CZE"]

1. e4 c5 2. Nf3 d6 3. Bb5+ Nd7 4. 0-0 a6 5. Bd3 g6 6. a4 b6 7. c3 Bg7 8. Bc2 c4 9. b3 cxb3 10. Bxb3 Nc5 11. Bc2 Nf6 12. Re1 0-0 13. d4 Ne6 14. Nbd2 Bd7 15. Nf1 b5 16. h3 Qc7 17. Bd2 Rfc8 18. axb5 Bxb5 19. Ne3 Nd7 20. Nd5 Qd8 21. Ng5 Nxg5 22. Bxg5 f6 23. Bd2 Nb6 24. Nxb6 Qxb6 25. Qg4 Qd8 26. Bb3+ Kh8 27. Be6 Rc7 28. Reb1 Bd7 29. Bxd7 Qxd7 30. Rxa6 Rxa6 31. Rb8+ Bf8 32. Bh6 1-0

[Event "CZE-chT2B 1920"]
[Site "Czech Republic"]
[Date "2019.11.17"]
[Round "3.8"]
[White "Chaloupka, Frantisek"]
[Black "Lesak, Ondrej"]
[Result "1-0"]
[WhiteElo "1978"]
[BlackElo "1876"]
[PlyCount "53"]
[EventDate "2019.10.13"]
[EventType "team-tourn"]
[EventRounds "11"]
[EventCountry "CZE"]
[SourceTitle "EXT 2024"]
[Source "ChessBase"]
[SourceDate "2023.10.10"]
[SourceVersion "1"]
[SourceVersionDate "2023.10.10"]
[SourceQuality "1"]
[WhiteTeam "Litomerice"]
[BlackTeam "Decin"]
[WhiteTeamCountry "CZE"]
[BlackTeamCountry "CZE"]

1. e4 c6 2. d4 d6 3. Nc3 Nf6 4. Bg5 Nbd7 5. f4 Qa5 6. Qd2 b5 7. Bd3 b4 8. Nce2 c5 9. c3 Bb7 10. Ng3 bxc3 11. bxc3 cxd4 12. cxd4 Qxd2+ 13. Kxd2 Ng4 14. Nf3 Nf2 15. Rhb1 Nb6 16. Bb5+ Kd8 17. d5 h6 18. a4 f5 19. a5 Nxe4+ 20. Nxe4 fxe4 21. Nd4 e3+ 22. Ke1 Bxd5 23. axb6 hxg5 24. Bc6 Rxh2 25. Bxd5 Rh1+ 26. Ke2 Rxb1 27. Rxb1 1-0

[Event "CZE-chT2B 1314"]
[Site "Czech Republic"]
[Date "2014.01.19"]
[Round "6.8"]
[White "Svejdar, Ludek"]
[Black "Chaloupka, Frantisek"]
[Result "0-1"]
[WhiteElo "2013"]
[BlackElo "2061"]
[PlyCount "80"]
[EventDate "2013.11.03"]
[EventType "team-tourn"]
[EventRounds "11"]
[EventCountry "CZE"]
[SourceTitle "EXT 2015"]
[Source "ChessBase"]
[SourceDate "2014.11.20"]
[SourceVersion "1"]
[SourceVersionDate "2014.11.20"]
[SourceQuality "1"]
[WhiteTeam "Bakov nad Jizerou"]
[BlackTeam "Litomerice"]
[WhiteTeamCountry "CZE"]
[BlackTeamCountry "CZE"]

1. d4 d5 2. c4 e6 3. Nc3 Nf6 4. Bg5 Nbd7 5. e3 Be7 6. Nf3 0-0 7. Rc1 Re8 8. Bd3 dxc4 9. Bxc4 Nb6 10. Bd3 Nbd5 11. 0-0 Nxc3 12. bxc3 Nd5 13. Bxe7 Qxe7 14. c4 Nb4 15. Bb1 c5 16. a3 Na6 17. Qd3 g6 18. h4 b6 19. h5 Bb7 20. d5 exd5 21. cxd5 Rad8 22. hxg6 hxg6 23. e4 Nb8 24. Rfe1 Nc6 25. Qe3 Ne5 26. Ng5 Bc8 27. f4 Ng4 28. Qg3 Nh6 29. Ba2 b5 30. e5 c4 31. Ne4 Nf5 32. Qf2 Kg7 33. Rcd1 Qxa3 34. Bb1 Rh8 35. Bc2 a6 36. Qb6 Qe7 37. Ng5 Rh5 38. d6 Qb7 39. Qxd8 Qa7+ 40. Kf1 Ng3# 0-1

[Event "CZE-chT2b 0607"]
[Site "Czech Republic"]
[Date "2007.01.14"]
[Round "6"]
[White "Horak, Jiri1111"]
[Black "Chaloupka, Frantisek"]
[Result "1-0"]
[WhiteElo "2079"]
[BlackElo "1971"]
[PlyCount "61"]
[EventDate "2006.10.15"]
[EventType "team"]
[EventRounds "11"]
[EventCountry "CZE"]
[SourceTitle "EXT 2009"]
[Source "ChessBase"]
[SourceDate "2008.11.26"]
[SourceVersion "1"]
[SourceVersionDate "2008.11.26"]
[SourceQuality "1"]

1. Nf3 d5 2. c4 e6 3. d4 Nf6 4. Nc3 c6 5. Bg5 Nbd7 6. e3 Qa5 7. Bxf6 Nxf6 8. Nd2 Bd7 9. Bd3 b5 10. cxb5 cxb5 11. 0-0 Be7 12. f4 b4 13. Ne2 Ng4 14. Rf3 f5 15. h3 Nf6 16. Rf1 0-0 17. Nf3 Rfc8 18. Ne5 Ba4 19. b3 Bb5 20. g4 Ne4 21. Bxe4 dxe4 22. Rf2 Bh4 23. Rg2 Qa6 24. Ng3 Rc3 25. gxf5 Rxe3 26. Qg4 Rxg3 27. Rxg3 Bxg3 28. f6 Qb7 29. Qxe6+ Kf8 30. Qd6+ Kg8 31. f7+ 1-0

[Event "CZE-chT2b 0607"]
[Site "Czech Republic"]
[Date "2006.11.19"]
[Round "3"]
[White "Chaloupka, Frantisek"]
[Black "Nejedlo, Josef"]
[Result "1-0"]
[WhiteElo "1971"]
[BlackElo "1855"]
[PlyCount "99"]
[EventDate "2006.10.15"]
[EventType "team"]
[EventRounds "11"]
[EventCountry "CZE"]
[SourceTitle "EXT 2009"]
[Source "ChessBase"]
[SourceDate "2008.11.26"]
[SourceVersion "1"]
[SourceVersionDate "2008.11.26"]
[SourceQuality "1"]

1. e4 e5 2. Nf3 Nc6 3. Bb5 a6 4. Ba4 Nf6 5. 0-0 Nxe4 6. d4 b5 7. Bb3 d5 8. Nxe5 Nxe5 9. dxe5 Be6 10. c3 Bc5 11. Qe2 0-0 12. Be3 Qe7 13. Bc2 Bxe3 14. Qxe3 Bf5 15. Re1 Bg6 16. f3 Nc5 17. Na3 Bxc2 18. Nxc2 Rfe8 19. Nb4 Nd7 20. Nxd5 Qxe5 21. Qxe5 Rxe5 22. Nxc7 Ra7 23. Rxe5 Nxe5 24. Nd5 Rd7 25. Rd1 Kf8 26. Kf2 Nc4 27. b3 Nb6 28. Ne3 Rxd1 29. Nxd1 Ke7 30. Ke3 Kd6 31. Kd4 Nd5 32. Ne3 Ne7 33. f4 f5 34. a4 g6 35. axb5 axb5 36. c4 Nc6+ 37. Kc3 b4+ 38. Kd3 Kc5 39. Nc2 Na5 40. Nd4 Kd6 41. h3 Nb7 42. g4 Nc5+ 43. Ke3 fxg4 44. hxg4 Nd7 45. Nc2 Kc5 46. g5 Nf8 47. Ke4 Nd7 48. Ne1 Kd6 49. Nd3 Ke6 50. c5 1-0